000 01585nam0a2200373 i 4500
001 RU\NLR\bibl\1931563
005 20260406150534.0
010 _a9785399003856
_94000
021 _aRU
_b2012-52859
_93857
035 _a(NLR Aleph) 001920917
090 _a3305079
_c3305079
100 _a20120802d2012 u y0rusy50 ca
101 1 _arus
_ceng
102 _aRU
105 _aa |||||||||
200 1 _aКак избавиться от вредных привычек
_eэффективный метод избавления от деструктивных зависимостей
_fДэвид Саймон, Дипак Чопра
_g[пер. с англ.: Е. Стародуб]
210 _aМосква
_cСофия
_d2012
215 _a222, [1] c.
_cил.
_d21
300 _aНа доп. тит. л.: Freedom from addiction / David Simon, Deepak Chopra
320 _aБиблиогр. в примеч. в конце кн.
513 0 _6z45790
_aFreedom from addiction
606 _aПсихогигиена
_9929392
_3RU\NLR\auth\6623393
606 1 _aВредные привычки
_xБорьба с ними
_91345362
_3RU\NLR\auth\66246367
686 _aЮ937.2
686 _aР120.482
700 1 _aСаймон
_bД.
_gДэвид
_4070
701 1 _4070
_8rus
_7ca
_aЧопра
_bД.
_gДипак
_f1950-
_3RU\NLR\auth\775055
_9115025
790 1 _6z45
_aSimon
_bD.
_gDavid
_4070
790 1 _4070
_8eng
_7ba
_aChopra
_bD.
_f1950-
_gDeepak
_3RU\NLR\auth\775056
_9115026
801 0 _aRU
_bNLR
_c20120802
_gRCR
801 1 _aRU
_bNLR
_c20120802
942 _cBOOK
980 _aNBR